000 00458nam a2200181Ia 4500
001 8485
005 20260306160613.0
008 260306t2013||||xx |||||||||||||| ||spa||
041 _aESP
082 _a371.1
_bM27B
100 _aSanta Cruz, Eleana
_eAUT
245 0 _aTíteres y resiliencia:
_bun desafío para afrontar la adversidad
260 _c2013
300 _a151 páginas :
_c21 cm.
650 _aGEN
654 _aCED
942 _cLIB
_dJUS
_fJUS
_2ddc
_n
999 _c8485
_d8485